000
00362nam a2200133Ia 4500
008
100328s9999 xx 000 0 und d
082
_b
33856
100
_a
सामंत माया
245
_a
मृत्युदंड
260
_b
श्रदा
630
_a
मृत्युदंड
730
_a
मृत्युदंड
942
_c
BOOK
999
_c
524181
_d
524178